Sol y diseño (Record no. 122949)

MARC details
000 -LEADER
campo de control de longitud fija 00635nam a2200193 4500
001 - NÚMERO DE CONTROL
campo de control 122949
003 - IDENTIFICADOR DE NÚMERO DE CONTROL
campo de control ES-MaACL
007 - CAMPO FIJO DE DESCRIPCIÓN FÍSICA--INFORMACIÓN GENERAL
campo de control de longitud fija t|
008 - DATOS DE LONGITUD FIJA--INFORMACIÓN GENERAL
campo de control de longitud fija 070214s1976 sp r ||||0| spa d
020 ## - NÚMERO INTERNACIONAL ESTÁNDAR DEL LIBRO
Número Internacional Estándar del Libro 84-0345-3
100 1# - ENTRADA PRINCIPAL--NOMBRE DE PERSONA
Nombre de persona Puppo, Ernesto.
9 (RLIN) 94414
245 10 - MENCIÓN DEL TÍTULO
Título Sol y diseño
Resto del título : índice térmico relativo /
Mención de responsabilidad, etc. Ernesto Puppo ; Giorgio Alberto Puppo, Giancarlo Puppo ; prólogo de Carlos Buigas.
260 ## - PUBLICACIÓN, DISTRIBUCIÓN, ETC.
Lugar de publicación, distribución, etc. Barcelona :
Nombre del editor, distribuidor, etc. Marcombo,
Fecha de publicación, distribución, etc. 1976.
300 ## - DESCRIPCIÓN FÍSICA
Extensión XII, 251 p ;
Dimensiones 28 cm.
700 1# - ENTRADA AGREGADA--NOMBRE PERSONAL
Nombre de persona Puppo, Giorgio Alberto.
9 (RLIN) 94416
700 1# - ENTRADA AGREGADA--NOMBRE PERSONAL
Nombre de persona Puppo, Giancarlo.
9 (RLIN) 94415
700 1# - ENTRADA AGREGADA--NOMBRE PERSONAL
Nombre de persona Buigas, Carlos.
9 (RLIN) 32455
852 ## - LOCALIZACIÓN
Ubicación ES-MaACL
Número de control de estantería E-3282
Sublocalización o colección R.112791
Holdings
Estatus retirado Estado de pérdida Estado de daño No para préstamo Biblioteca de origen Biblioteca actual Ubicación en estantería Fecha de adquisición Fuente de adquisición Total de préstamos Signatura topográfica completa Código de barras Visto por última vez Precio de reemplazo Tipo de ítem Koha
        Biblioteca del Ateneo de Madrid Biblioteca del Ateneo de Madrid Depósito 2 17/01/2008     E-3282 1128117 23/02/2023 23/02/2023 Libro impreso